[Event "RUS-ch U18"]
[Site "Dagomys"]
[Date "2004.04.??"]
[Round "2"]
[White "Tischenko, Yaroslav"]
[Black "Rjabzev, Konstantin"]
[Result "1/2-1/2"]
[WhiteElo "2189"]
[BlackElo "2338"]
[PlyCount "56"]
[EventDate "2004.04.??"]
[EventType "swiss"]
[EventRounds "10"]
[EventCountry "RUS"]
[SourceTitle "EXT 2005"]
[Source "ChessBase"]
[SourceDate "2004.11.15"]
[SourceVersion "1"]
[SourceVersionDate "2004.11.15"]
[SourceQuality "1"]

1. d4 d5 2. Nf3 Nf6 3. c4 e6 4. Nc3 Be7 5. Bg5 0-0 6. cxd5 exd5 7. Qc2 Nbd7 8. e3 Re8 9. Bd3 Nf8 10. 0-0 c6 11. Rab1 Ng6 12. b4 a6 13. a4 Bd6 14. Bf5 h6 15. Bxg6 fxg6 16. Bxf6 Qxf6 17. Qd1 Bg4 18. h3 Bf5 19. Rb2 Rf8 20. b5 axb5 21. axb5 Ra3 22. Nb1 Ra1 23. Qe2 Bxh3 24. gxh3 Qxf3 25. Qxf3 Rxf3 26. Kg2 Rf6 27. bxc6 bxc6 28. Rc2 Bb4 1/2-1/2